Piłkarska kariera Rio Ferdinanda. - Statystyki

Ogólne statystyki
  • Ten quiz został rozwiązany 66 razy
  • Średni wynik to 3 z 5
Statystyki odpowiedzi
Lata Drużyna % Poprawnych
2002-2014 Manchester United
100%
2000-2002 Leeds
60%
2014-2015 QPR
52%
1995-2000 West Ham
45%
1996-1996 Bournemouth
9%
Nie znaleziono quizów pasujących do podanych kryteriów
Rozkład punktacji
Procent ludzi z każdym wynikiem
Percentyl według liczby udzielonych odpowiedzi
Twoja historia wyników
Nie rozwiązałeś tego quizu